| 000 | 00802nam a2200217 a 4500 | ||
|---|---|---|---|
| 003 | 0 | ||
| 005 | 20250523150136.0 | ||
| 008 | 021129s19uu xx 00 eng d | ||
| 050 |
_aPGS RC 394 _b.K21 2001 |
||
| 100 | _aKauer, Ronald Randolph D. | ||
| 245 |
_aSleeping habits of the selected Southville International School grade 5 and 6 students / _cKauer, Ronald Randolph D. |
||
| 260 |
_aLas PiƱas City, Philippines : _bSouthville International School and Colleges, _c2001. |
||
| 300 |
_a32 pages : _billustrations ; _c28 cm. |
||
| 504 | _aIncludes bibliographical references. | ||
| 650 |
_aSleep _vChildren. |
||
| 650 |
_aSleep _vHabits. |
||
| 650 |
_aSleep _vPhysiological aspects. |
||
| 650 |
_aSleep _vPsychological aspects. |
||
| 650 | _aSleep deprivation in children. | ||
| 942 |
_2lcc _cPASS |
||
| 999 |
_c96476 _d96476 |
||